| 000 | 00512nam a22001937a 4500 | ||
|---|---|---|---|
| 005 | 20251108172150.0 | ||
| 008 | 250721s1987 xx 000 0 ara d | ||
| 082 | 1 | 4 | _a923.5/متو |
| 100 | 1 | _aمتولي، محمود | |
| 245 | 1 | 0 | _aطغاة التاريخ / |
| 264 | 1 |
_aالقاهرة : _bمكتبة نهضة الشرق، _c1987. |
|
| 300 | _a246ص | ||
| 650 | 1 | 7 | _aالقادة |
| 650 | 1 | 7 | _aالتراجم |
| 650 | 1 | 7 | _aالعالم |
| 650 | 1 | 7 | _aالتاريخ |
| 942 |
_2ddc _cBK |
||
| 999 |
_c72089 _d72089 |
||